000 00902nam a22002537a 4500
001 5821
003 FISKH
005 20250123111214.0
008 250123b cb ||||| |||| 00| 0 eng d
020 _a9780439851237
040 _aFISKH
_beng
_cFISKH
_dFISKH
050 _aDS135.C97
082 _a940.5318092
100 _aLevine, Karen
245 _aHana's suitcase /
_cby Karen Levine
250 _aFirst Scholastic printing , March 2006
260 _aNew York :
_bScholastic ,
_c2002 .
300 _a111 pages :
_billustrations ;
_c23 cm .
520 _aA biography of a Czech girl who died in the Holocaust, told in alternating chapters with an account of how the curator of a Japanese Holocaust center learned about her life after Hana's suitcase was sent to her.
650 _aHolocaust
_vnon-fiction
700 _aDanison, Catherine
_eTraduction
942 _2ddc
_cBK
_n0
999 _c5821
_d5821